000 00434nam a2200157Ia 4500
008 151213s9999 xx 000 0 und d
100 _aParrt - II
245 _aUniversity of Dhaka The Calender. Dhaka University Ordinances & Regulations
_cParrt - II
250 _a1st
260 _aDhaka
_bThe University of Dhaka
_c1986
300 _a3768 p.
650 _aOrdinance
650 _aReference
700 _aParrt - II
999 _c2482
_d2482